| 000 | 00323 a2200121 4500 | ||
|---|---|---|---|
| 005 | 20250526095206.0 | ||
| 082 | _a658.72 MAP | ||
| 100 | _aMAPUNDA, S .E . | ||
| 245 | _aProcurement Techniques Manual | ||
| 260 |
_aDar es salaam, _bMapunda, S .E . _c 2004. |
||
| 300 |
_av, 138p.: ill.; _breference _c29cm. |
||
| 942 |
_2ddc _cBKS |
||
| 999 |
_c2661 _d2661 |
||